000 00250nam a2200097Ia 4500
005 20251222114402.0
008 251222s1900||||xx |||||||||||||| ||spa||
082 _aDVD0060/L22/2001/Ej.2
245 0 _aLos Hermanos Caradura:The Blues Brothers
942 _cDVD
999 _c1697
_d1697